[Event "POL-ch Universities"]
[Site "Bydgoszcz"]
[Date "2023.03.11"]
[Round "9"]
[White "Tustanowski, Mateusz"]
[Black "Brzezinski, Mateusz"]
[Result "0-1"]
[WhiteElo "2065"]
[BlackElo "2185"]
[PlyCount "70"]
[EventDate "2023.03.10"]
[EventType "swiss"]
[EventRounds "9"]
[EventCountry "POL"]
[SourceTitle "CBM 213 Extra"]
[Source "ChessBase"]
[SourceDate "2023.05.31"]
[SourceVersion "1"]
[SourceVersionDate "2023.05.31"]
[SourceQuality "1"]

1. d4 Nf6 2. Bf4 e6 3. Nf3 Bd6 4. Bg3 b6 5. Nbd2 Bxg3 6. hxg3 Bb7 7. e3 d6 8. Bd3 Nbd7 9. c3 Qe7 10. Qe2 e5 11. e4 a6 12. 0-0 0-0 13. Nh4 g6 14. Rae1 Rfe8 15. Nhf3 Qf8 16. Nh2 Qg7 17. d5 Nh5 18. Qd1 Nc5 19. Be2 Nf6 20. Qc2 a5 21. b4 Ncd7 22. f4 Nh5 23. Bxh5 gxh5 24. Re3 exf4 25. gxf4 axb4 26. cxb4 Qd4 27. Rfe1 Nf6 28. Nb3 Qxb4 29. Qxc7 Bc8 30. R1e2 Bg4 31. Nxg4 Nxg4 32. Rh3 Rxa2 33. Nd2 Qd4+ 34. Kf1 Ra1+ 35. Re1 Qf2# 0-1

[Event "POL-ch Universities"]
[Site "Bydgoszcz"]
[Date "2023.03.11"]
[Round "6"]
[White "Tustanowski, Mateusz"]
[Black "Snihur, Piotr"]
[Result "1-0"]
[WhiteElo "2065"]
[BlackElo "2278"]
[PlyCount "71"]
[EventDate "2023.03.10"]
[EventType "swiss"]
[EventRounds "9"]
[EventCountry "POL"]
[SourceTitle "CBM 213 Extra"]
[Source "ChessBase"]
[SourceDate "2023.05.31"]
[SourceVersion "1"]
[SourceVersionDate "2023.05.31"]
[SourceQuality "1"]

1. d4 Nf6 2. Bf4 d5 3. e3 e6 4. Nf3 Bd6 5. Bg3 0-0 6. Nbd2 c5 7. c3 Nc6 8. Bd3 Re8 9. Ne5 Qc7 10. f4 Ne7 11. Bh4 Nf5 12. Bf2 Bf8 13. g4 Nd6 14. Qf3 b6 15. h4 Nfe4 16. g5 Bb7 17. h5 f6 18. gxf6 gxf6 19. Rg1+ Kh8 20. Bh4 Be7 21. Ng6+ hxg6 22. hxg6 Kg7 23. 0-0-0 Rh8 24. Rh1 cxd4 25. exd4 Nf5 26. Bf2 Nxd2 27. Kxd2 Bd6 28. Be3 Nxe3 29. Kxe3 e5 30. fxe5 fxe5 31. Rh7+ Rxh7 32. gxh7 exd4+ 33. cxd4 Re8+ 34. Kf2 Rf8 35. Rg1+ Kh8 36. Qxf8+ 1-0

[Event "POL-chT 2nd League"]
[Site "Jastrzebia Gora"]
[Date "2018.09.04"]
[Round "4.89"]
[White "Jankowiak, Piotr"]
[Black "Tustanowski, Mateusz"]
[Result "0-1"]
[WhiteElo "1925"]
[BlackElo "2064"]
[PlyCount "90"]
[EventDate "2018.09.01"]
[EventType "team-swiss"]
[EventRounds "9"]
[EventCountry "POL"]
[SourceTitle "CBM 186 Extra"]
[Source "ChessBase"]
[SourceDate "2018.08.24"]
[SourceVersion "1"]
[SourceVersionDate "2018.08.24"]
[SourceQuality "1"]
[WhiteTeam "Bogatynia UKS SP3"]
[BlackTeam "Prudnik LKS Zarzewie"]
[WhiteTeamCountry "POL"]
[BlackTeamCountry "POL"]

1. e4 c5 2. Nf3 d6 3. d4 cxd4 4. Nxd4 Nf6 5. Nc3 Nc6 6. Be2 e5 7. Nb3 h6 8. 0-0 Be6 9. f4 exf4 10. Bxf4 d5 11. exd5 Nxd5 12. Nxd5 Qxd5 13. Qxd5 Bxd5 14. Bf3 Bxf3 15. Rxf3 Be7 16. Rd1 Rd8 17. Rfd3 0-0 18. c3 Rxd3 19. Rxd3 Rd8 20. Rxd8+ Bxd8 21. Kf2 f5 22. Ke2 Kf7 23. Nc5 g5 24. Bd2 b6 25. Nd3 Ke6 26. h4 f4 27. hxg5 hxg5 28. a4 Na5 29. Nb4 Kf5 30. Be1 Ke4 31. Nd3 Nb3 32. Nb4 Na5 33. Nd3 g4 34. Nf2+ Kf5 35. Kd3 Bh4 36. b4 Nc6 37. Kd2 Ne5 38. Ke2 f3+ 39. Kf1 fxg2+ 40. Kxg2 Nf3 41. Kf1 Nxe1 42. Kxe1 Ke5 43. a5 Kd6 44. axb6 axb6 45. Ke2 Bxf2 0-1

[Event "POL-chT U20 2nd League"]
[Site "Szczyrk"]
[Date "2017.07.30"]
[Round "11.20"]
[White "Tustanowski, Mateusz"]
[Black "Gawor, Jan Pawel"]
[Result "1-0"]
[WhiteElo "1916"]
[BlackElo "1722"]
[PlyCount "91"]
[EventDate "2017.07.22"]
[EventType "team-swiss"]
[EventRounds "11"]
[EventCountry "POL"]
[SourceTitle "EXT 2019"]
[Source "ChessBase"]
[SourceDate "2018.10.10"]
[SourceVersion "1"]
[SourceVersionDate "2018.10.10"]
[SourceQuality "1"]

1. e4 c5 2. Nf3 Nc6 3. Nc3 Nf6 4. Bb5 d6 5. Bxc6+ bxc6 6. d3 e5 7. 0-0 g6 8. Nd2 Nh5 9. Nc4 Be6 10. Ne2 Bg7 11. f4 exf4 12. Nxf4 Nxf4 13. Rxf4 Bxc4 14. dxc4 Be5 15. Rf3 Qh4 16. h3 Qxe4 17. Qf1 0-0 18. Bh6 Bg7 19. Bxg7 Kxg7 20. Re1 Qh4 21. Rf4 Qd8 22. Qf3 Qd7 23. Qc3+ Kg8 24. Qf6 Rae8 25. Rfe4 Rxe4 26. Rxe4 Re8 27. Rxe8+ Qxe8 28. Qxd6 Qe3+ 29. Kh2 a5 30. b3 Qd4 31. Qxd4 cxd4 32. Kg3 f5 33. Kf4 Kf7 34. Ke5 Ke7 35. Kxd4 Kd6 36. c5+ Ke6 37. a4 g5 38. c3 h5 39. b4 axb4 40. cxb4 g4 41. hxg4 fxg4 42. g3 Kf5 43. Ke3 Ke6 44. Kf4 Kd7 45. Kg5 h4 46. Kxh4 1-0

[Event "POL-chT U20 2nd League"]
[Site "Szczyrk"]
[Date "2017.07.24"]
[Round "4.26"]
[White "Kucharski, Daniel"]
[Black "Tustanowski, Mateusz"]
[Result "0-1"]
[WhiteElo "1476"]
[BlackElo "1916"]
[PlyCount "54"]
[EventDate "2017.07.22"]
[EventType "team-swiss"]
[EventRounds "11"]
[EventCountry "POL"]
[SourceTitle "EXT 2019"]
[Source "ChessBase"]
[SourceDate "2018.10.10"]
[SourceVersion "1"]
[SourceVersionDate "2018.10.10"]
[SourceQuality "1"]

1. d4 Nf6 2. c4 g6 3. Nf3 Bg7 4. Nc3 d6 5. g3 0-0 6. Bg2 Nbd7 7. 0-0 e5 8. d5 Ne8 9. e4 a5 10. a3 Nc5 11. Be3 b6 12. b4 Nd7 13. Qc2 f5 14. Rfc1 Ndf6 15. Nh4 f4 16. Bd2 Nh5 17. c5 Qf6 18. Be1 Bh6 19. Rcb1 g5 20. Nf3 g4 21. Nd2 fxg3 22. hxg3 Nxg3 23. Nf1 Nxf1 24. Bxf1 g3 25. cxb6 cxb6 26. Rb2 Qh4 27. fxg3 Be3+ 0-1

[Event "POL-chT 2nd League"]
[Site "Jastrzebia Gora"]
[Date "2015.09.11"]
[Round "7.41"]
[White "Tustanowski, Mateusz"]
[Black "Kolasinski, Krzysztof"]
[Result "1/2-1/2"]
[WhiteElo "1922"]
[BlackElo "2087"]
[PlyCount "124"]
[EventDate "2015.09.05"]
[EventType "team-swiss"]
[EventRounds "9"]
[EventCountry "POL"]
[SourceTitle "EXT 2017"]
[Source "ChessBase"]
[SourceDate "2016.10.25"]
[SourceVersion "1"]
[SourceVersionDate "2016.10.25"]
[SourceQuality "1"]
[WhiteTeam "Prudnik LKS Zarzewie"]
[BlackTeam "Wroclaw MUKS MDK Fabryczna"]
[WhiteTeamCountry "POL"]
[BlackTeamCountry "POL"]

1. e4 e6 2. d3 d5 3. Qe2 Be7 4. Nf3 Nc6 5. g3 dxe4 6. dxe4 e5 7. c3 Nf6 8. Bg2 0-0 9. 0-0 a5 10. Rd1 Bd6 11. a4 Qe7 12. b3 Be6 13. Qc2 Rad8 14. Ba3 Bxa3 15. Rxd8 Rxd8 16. Nxa3 Qd7 17. Nb5 Qd3 18. Qxd3 Rxd3 19. Rb1 Bg4 20. Ne1 Rd1 21. Rxd1 Bxd1 22. Nd3 Bxb3 23. Nc5 Bc2 24. Nxb7 Bxa4 25. Nxc7 Bd1 26. Nc5 Na7 27. Kf1 Kf8 28. Ke1 Bg4 29. f3 Bc8 30. Bf1 Ke7 31. Nb5 Nxb5 32. Bxb5 Kd6 33. Nb3 g5 34. Nxa5 g4 35. Kf2 gxf3 36. Kxf3 Bg4+ 37. Ke3 Bh3 38. Be2 Bc8 39. Nc4+ Ke6 40. g4 Bb7 41. Nd2 Nd7 42. g5 Ke7 43. Bg4 Nf8 44. Nc4 f6 45. gxf6+ Kxf6 46. Na5 Ba6 47. Bf5 Ke7 48. c4 Kd6 49. Kd3 Ng6 50. Kc3 Nh4 51. Bxh7 Nf3 52. Kb4 Nxh2 53. c5+ Kc7 54. Nc4 Nf3 55. Bg8 Ng5 56. Bd5 Bb7 57. Nd2 Ba6 58. Nc4 Bb7 59. Nxe5 Nxe4 60. c6 Nf6 61. Bf3 Bxc6 62. Nxc6 Kd6 1/2-1/2

[Event "POL-chT U19 2nd League"]
[Site "Iwonicz"]
[Date "2015.08.01"]
[Round "8.3"]
[White "Godzwon, Iwo"]
[Black "Tustanowski, Mateusz"]
[Result "0-1"]
[WhiteElo "1754"]
[BlackElo "1777"]
[PlyCount "100"]
[EventDate "2015.07.25"]
[EventType "team-swiss"]
[EventRounds "11"]
[EventCountry "POL"]
[SourceTitle "EXT 2019"]
[Source "ChessBase"]
[SourceDate "2018.10.10"]
[SourceVersion "1"]
[SourceVersionDate "2018.10.10"]
[SourceQuality "1"]
[WhiteTeam "Gdansk Korona U19"]
[BlackTeam "Gliwice Politechnika Slaska U19"]
[WhiteTeamCountry "POL"]
[BlackTeamCountry "POL"]

1. e4 c5 2. Nf3 Nc6 3. d4 cxd4 4. Nxd4 g6 5. Be3 Nf6 6. Nc3 Bg7 7. Qd2 0-0 8. f3 d5 9. Nxc6 bxc6 10. e5 Nd7 11. f4 f6 12. exf6 Nxf6 13. Be2 Bf5 14. 0-0 Ne4 15. Nxe4 Bxe4 16. c3 Qd6 17. Bd3 Bxd3 18. Qxd3 c5 19. Rad1 e6 20. Rf2 Rab8 21. g3 Qc6 22. Qc2 Rb7 23. Re2 Rfb8 24. b3 a5 25. f5 gxf5 26. Bf4 Re8 27. Be5 c4 28. Bxg7 Rxg7 29. bxc4 Qxc4 30. Rd4 Qc5 31. Kg2 Rc7 32. g4 Qxd4 33. cxd4 Rxc2 34. Rxc2 fxg4 35. Rc5 Rb8 36. Rxa5 Rb4 37. Ra6 Kf7 38. Kg3 Rxd4 39. a4 Kf6 40. a5 Kf5 41. Ra8 Rd3+ 42. Kf2 Ra3 43. a6 Ke4 44. a7 e5 45. Rg8 Rxa7 46. Rxg4+ Kd3 47. Ke1 e4 48. Kf1 e3 49. Rb4 e2+ 50. Kf2 Rf7+ 0-1